Top 500 Baby Girl Names in 1987 (United States) - Statistics

General Stats
  • This quiz has been taken 293 times
  • The average score is 263 of 500
Answer Stats
Hint Answer % Correct
169 Ana
90%
221 Ann
90%
52 Anna
90%
147 Anne
90%
183 Marie
90%
37 Mary
90%
29 Sara
89%
5 Sarah
89%
481 Jenifer
88%
4 Jennifer
88%
413 Lara
88%
22 Laura
88%
53 Maria
88%
339 Elisabeth
87%
10 Elizabeth
87%
1 Jessica
87%
74 Catherine
86%
301 Christie
86%
207 Christy
86%
337 Katharine
86%
51 Kathryn
86%
195 Kristi
86%
349 Kristie
86%
181 Kristy
86%
42 Kristen
85%
55 Kristin
85%
198 Grace
84%
357 Jane
84%
28 Katherine
84%
214 Aimee
83%
492 Amie
83%
24 Amy
83%
175 Emma
83%
66 Hannah
83%
16 Lauren
83%
40 Lisa
83%
166 Olivia
83%
98 Rachael
82%
17 Rachel
82%
3 Amanda
81%
445 Isabel
81%
86 Julia
81%
191 Kate
81%
38 Katie
81%
351 Katy
81%
318 Carol
80%
65 Julie
80%
360 Annie
78%
292 Charlotte
78%
240 Ellen
78%
19 Emily
78%
13 Melissa
78%
205 Michele
78%
21 Michelle
78%
111 Nichole
78%
8 Nicole
78%
291 Rose
78%
11 Samantha
78%
444 Ashely
77%
112 Ashlee
77%
201 Ashleigh
77%
2 Ashley
77%
436 Ashlie
77%
438 Ashly
77%
135 Caroline
77%
20 Christina
77%
185 Cristina
77%
23 Kimberly
77%
62 Kristina
77%
459 Krystina
77%
90 Margaret
77%
50 Victoria
77%
170 Deanna
76%
294 Alexa
75%
353 Kerry
75%
56 Natalie
75%
100 Alison
74%
44 Allison
74%
262 Allyson
74%
346 Alyson
74%
119 Carrie
74%
253 Evelyn
74%
167 Kari
74%
277 Keri
74%
336 Kerri
74%
97 Molly
74%
192 Angel
73%
30 Kelly
73%
142 Linda
73%
76 Patricia
73%
25 Rebecca
73%
138 Abigail
72%
254 Amelia
72%
267 Beth
72%
439 Chloe
72%
85 Diana
72%
226 Kelley
72%
131 Kelli
72%
233 Kellie
72%
136 Meagan
72%
364 Meaghan
72%
12 Megan
72%
78 Meghan
72%
161 Rebekah
72%
59 Alexandra
71%
15 Amber
71%
34 Erin
71%
210 Stefanie
71%
6 Stephanie
71%
48 Christine
70%
107 Karen
70%
199 Kristine
70%
202 Claire
69%
14 Danielle
69%
204 Janet
69%
238 Sophia
69%
43 Vanessa
69%
80 Veronica
69%
314 Alice
68%
36 Andrea
68%
172 Barbara
68%
155 Cassie
68%
324 Cortney
68%
33 Courtney
68%
274 Diane
68%
347 Eva
68%
405 Faith
68%
415 Hailey
68%
178 Haley
68%
278 Hayley
68%
297 Helen
68%
467 Jennie
68%
165 Jenny
68%
215 Jessie
68%
440 Lucy
68%
414 Nora
68%
261 Rosa
68%
249 Ruth
68%
211 Sharon
68%
125 Susan
68%
154 Teresa
68%
159 Theresa
68%
46 Alicia
67%
118 Alisha
67%
323 Alissa
67%
60 Alyssa
67%
68 Cassandra
67%
479 Elisha
67%
9 Heather
67%
71 Holly
67%
475 Kassandra
67%
113 Alexis
66%
35 Angela
66%
133 Joanna
66%
316 Johanna
66%
87 Bethany
65%
63 Caitlin
65%
387 Caitlyn
65%
31 Erica
65%
375 Ericka
65%
75 Erika
65%
141 Kaitlin
65%
163 Kaitlyn
65%
127 Katelyn
65%
102 Melanie
65%
7 Brittany
64%
300 Hope
64%
57 Jenna
64%
27 Kayla
64%
177 Britney
63%
307 Brittani
63%
61 Brittney
63%
225 Carla
63%
312 Daisy
63%
303 Frances
63%
54 Jacqueline
63%
189 Jacquelyn
63%
197 Jill
63%
498 Josephine
63%
283 Karla
63%
82 Leah
63%
64 Monica
63%
272 Paula
63%
116 Jaclyn
62%
352 Jaimie
62%
426 Jami
62%
39 Jamie
62%
487 Jayme
62%
93 Valerie
62%
308 Angelina
61%
129 Brenda
61%
298 Jasmin
61%
79 Jasmine
61%
465 Jazmin
61%
471 Natalia
61%
153 Pamela
61%
103 Stacey
61%
338 Staci
61%
331 Stacie
61%
101 Stacy
61%
302 Tracey
61%
296 Traci
61%
139 Tracy
61%
196 Carly
60%
248 Donna
60%
356 Janice
60%
326 Madison
60%
209 Nina
60%
115 Sandra
60%
245 Abby
59%
287 Jade
59%
126 Nancy
59%
45 Shannon
59%
164 Taylor
59%
150 Tina
59%
184 Audrey
58%
497 Betty
58%
47 Chelsea
58%
186 Chelsey
58%
367 Chelsie
58%
26 Crystal
58%
222 Deborah
58%
235 Elise
58%
305 Elyse
58%
146 Jordan
58%
72 Kathleen
58%
70 Krystal
58%
220 Krystle
58%
420 Lillian
58%
410 Mia
58%
500 Vivian
58%
271 Breanna
57%
190 Briana
57%
122 Brianna
57%
289 Esther
57%
123 Gina
57%
398 Jackie
57%
396 Jena
57%
448 Kylie
57%
69 Tara
57%
213 Cara
56%
454 Jacklyn
56%
99 Jillian
56%
104 Kara
56%
433 Kathy
56%
234 Carmen
55%
140 Miranda
55%
95 Morgan
55%
424 Sally
55%
156 Tanya
55%
227 Tonya
55%
106 Angelica
54%
458 Carolina
54%
83 Dana
54%
399 Francesca
54%
280 Madeline
54%
279 Maggie
54%
255 Naomi
54%
73 Natasha
54%
179 Alexandria
53%
58 April
53%
295 Aubrey
53%
84 Cynthia
53%
425 Judith
53%
290 Lacy
53%
431 Laurie
53%
49 Lindsay
53%
41 Lindsey
53%
377 Lyndsey
53%
369 Ruby
53%
200 Wendy
53%
94 Brooke
52%
174 Gabrielle
52%
160 Tamara
52%
489 Alaina
51%
389 Elena
51%
286 Joy
51%
229 Lori
51%
284 Tammy
51%
483 Tiffani
51%
18 Tiffany
51%
381 Dorothy
50%
362 Irene
50%
468 Joanne
50%
117 Lacey
50%
219 Lydia
50%
270 Melody
50%
380 Callie
49%
81 Casey
49%
132 Denise
49%
203 Kasey
49%
340 Tia
49%
258 Bonnie
48%
194 Cindy
48%
158 Colleen
48%
299 Destiny
48%
499 Iris
48%
67 Kelsey
48%
77 Kendra
48%
264 Mandy
48%
400 Sandy
48%
376 Alana
47%
257 Marisa
47%
109 Marissa
47%
480 Serena
47%
144 Heidi
46%
462 Lynn
46%
236 Martha
46%
419 Nadia
46%
171 Paige
46%
224 Regina
46%
371 Shelly
46%
266 Suzanne
46%
193 Autumn
45%
342 Camille
45%
120 Candace
45%
121 Candice
45%
260 Jocelyn
45%
386 Kaylee
45%
110 Sabrina
45%
252 Shana
45%
328 Shanna
45%
313 Shauna
45%
237 Shawna
45%
442 Shelley
45%
429 Ariana
44%
231 Dawn
44%
355 Elaine
44%
281 Hilary
44%
241 Hillary
44%
143 Melinda
44%
187 Savannah
44%
32 Whitney
44%
383 Bailey
43%
268 Bianca
43%
263 Cheryl
43%
437 Connie
43%
343 Kendall
43%
134 Renee
43%
432 Rita
43%
217 Toni
43%
368 Tricia
43%
228 Trisha
43%
372 Ariel
42%
256 Gloria
42%
105 Katrina
42%
265 Mindy
42%
212 Virginia
42%
329 Cecilia
41%
474 Juliana
41%
408 Maureen
41%
306 Sheila
41%
247 Summer
41%
218 Adriana
40%
180 Bridget
40%
455 Bridgette
40%
345 Clarissa
40%
206 Claudia
40%
416 Kayleigh
40%
243 Jeanette
39%
309 Jodi
39%
89 Leslie
39%
341 Mackenzie
39%
478 Angie
38%
88 Brandi
38%
461 Brandie
38%
92 Brandy
38%
149 Carolyn
38%
406 Joyce
38%
176 Justine
38%
463 Lesley
38%
477 Rosemary
38%
473 Shirley
38%
446 Tori
38%
335 Yvonne
38%
366 Debra
37%
152 Sasha
37%
273 Shelby
37%
188 Adrienne
36%
333 Anita
36%
392 Annette
36%
466 Celeste
36%
491 Darlene
36%
124 Desiree
36%
464 Eileen
36%
443 Julianne
36%
453 Leanne
36%
130 Monique
36%
242 Nikki
36%
145 Robin
36%
246 Robyn
36%
470 Belinda
35%
304 Charlene
35%
251 Christa
35%
430 Ciera
35%
311 Cierra
35%
276 Kirsten
35%
108 Krista
35%
321 Miriam
35%
162 Misty
35%
173 Sierra
35%
293 Sonia
35%
379 Sonya
35%
402 Tessa
35%
275 Yolanda
35%
411 Michael
34%
168 Priscilla
34%
282 Rachelle
34%
332 Rochelle
34%
285 Sylvia
34%
151 Tabitha
34%
327 Yvette
34%
269 Anastasia
33%
476 Beverly
33%
216 Janelle
33%
91 Mallory
33%
449 Marlene
33%
417 Michaela
33%
397 Noelle
33%
385 Rhonda
33%
395 Jana
32%
288 Karina
32%
401 Sherry
32%
365 Sydney
32%
451 Alisa
31%
317 Brianne
31%
403 Constance
31%
374 Elisa
31%
460 Kyla
31%
482 Laurel
31%
148 Meredith
31%
330 Charity
30%
404 Daniela
30%
496 Mariah
30%
208 Tasha
30%
495 Genevieve
29%
418 Marilyn
29%
486 Marina
29%
96 Felicia
28%
412 Terri
28%
472 Norma
27%
230 Raquel
27%
422 Kira
26%
128 Latoya
26%
334 Carissa
25%
259 Gabriela
25%
447 Alma
24%
358 Leigh
24%
250 Roxanne
24%
114 Dominique
23%
157 Ebony
23%
348 Leticia
23%
394 Shayla
23%
310 Antoinette
22%
384 Latisha
22%
344 Ryan
22%
488 Blair
21%
441 Larissa
21%
391 Patrice
21%
359 Chasity
20%
390 Lorena
19%
378 Chantel
18%
427 Juanita
18%
319 Shaina
18%
407 Shayna
18%
320 Ashton
17%
393 Christian
17%
325 Keisha
17%
232 Sheena
17%
484 Audra
16%
434 Marisol
15%
322 Tatiana
15%
354 Tiara
15%
423 Alejandra
14%
315 Ciara
14%
421 India
14%
239 Jaime
14%
137 Yesenia
14%
452 Brenna
13%
456 Esmeralda
13%
370 Guadalupe
13%
244 Randi
13%
409 Tamika
13%
469 Chanel
12%
223 Latasha
12%
350 Tanisha
12%
382 Taryn
11%
428 Lakeisha
9%
493 Devin
8%
450 Maribel
8%
182 Mayra
7%
494 Trista
7%
361 Nikita
5%
485 Octavia
5%
363 Tabatha
3%
435 Tierra
3%
373 Sade
2%
490 Janae
1%
388 Janay
1%
457 Keshia
0%
No matching quizzes found
Score Distribution
Percent of People with Each Score
Percentile by Number Answered
Your Score History
You have not taken this quiz